Ô, dù, "lọng"

Đây là tên một tiểu phẩm mà ông đặt tên cho cuốn sách, được viết theo lối châm biếm nhằm phê phán những hiện tượng tiêu cực như "ô, dù", tham ô, tham nhũng, chạy chức, chạy quyền đã, đang nảy sinh trong xã hội và bàn cách khắc p...

詳細記述

保存先:
書誌詳細
第一著者: Hữu Thọ
フォーマット: 図書
言語:Undetermined
出版事項: Hà Nội Chính trị Quốc gia 2006
主題:
タグ: タグ追加
タグなし, このレコードへの初めてのタグを付けませんか!
Thư viện lưu trữ: Trung tâm Học liệu Trường Đại học Cần Thơ
LEADER 01014nam a2200229Ia 4500
001 CTU_136820
008 210402s9999 xx 000 0 und d
020 |c 25000 
082 |a 895.922803 
082 |b H566 
100 |a Hữu Thọ 
245 0 |a Ô, dù, "lọng" 
245 0 |c Hữu Thọ 
260 |a Hà Nội 
260 |b Chính trị Quốc gia 
260 |c 2006 
520 |a Đây là tên một tiểu phẩm mà ông đặt tên cho cuốn sách, được viết theo lối châm biếm nhằm phê phán những hiện tượng tiêu cực như "ô, dù", tham ô, tham nhũng, chạy chức, chạy quyền đã, đang nảy sinh trong xã hội và bàn cách khắc phục 
650 |a Short stories, vietnamese,Trung tâm Học liệu ĐHCT 
650 |x Truyện ngắn châm biếm 
650 |y 21century,Thế kỷ 21 
904 |i Năm 
980 |a Trung tâm Học liệu Trường Đại học Cần Thơ